Qui réside à ces célèbres adresses ? 5 - Statistiques

Statistiques générales
  • Ce quiz a été pris 25 fois
  • Le résultat moyen est 7 sur 16
Statistiques - réponses
Hint Réponse % Correct
Maison Blanche Président américain
100%
Palais de l'Elysée Président français
95%
Palais Koniecpolski Président polonais
73%
Palais d'El Mouradia Président algérien
68%
Palais de Belèm Président portugais
64%
Zhongnanhai Président chinois
55%
Résidence Ryongsong Dirigeant coréen du nord
50%
Beit HaNassi Président israélien
45%
Palais des Lopez Président paraguayen
41%
Palais Sandor Président hongrois
27%
Ak Orda Président kazakh
27%
Palais de Ponta Vermelha Président mozambicain
27%
Jubilee House Président ghanéen
14%
Urugwiro Président rwandais
14%
Manoir exécutif Président libérien
5%
Tour exécutive Président uruguayen
5%
Aucun quiz correspondant
Distribution des résultats
% des personnes avec chaque résultat
Percentile par nombre de réponses
Votre historique - résultats
Vous n’avez pas pris ce quiz